La junta suprema de Gobierno ha recibido del comandante general de la Vanguardia de nuestro exército la carta que sigue...

Detalles Bibliográficos
Autor Corporativo: México. Leyes, decretos, etc
Formato: Libro
Lenguaje:Spanish
Publicado: s.l. : s.n., s.a.
Materias:
Colección:Banco de datos
Acervo:Fondo Bibliográfico Antiguo del Archivo Municipal de Orizaba
Descripción Física:[1] h. ; f°
Tema general:Derecho civil
Notas:Texto a renglón seguido. Encuadernación en piel sobre cartón
LEADER 00762nam a22001930004500
035 |a 1714 
041 0 |a spa 
110 1 |a México. Leyes, decretos, etc.  
245 1 0 |a La junta suprema de Gobierno ha recibido del comandante general de la Vanguardia de nuestro exército la carta que sigue...  
260 |a s.l. : s.n., s.a. 
300 |a [1] h. ; f° 
500 |a Texto a renglón seguido. Encuadernación en piel sobre cartón 
501 |a 40 obras 
504 |a Este documento impreso no tiene portada sino una rúbrica o título de partida al comienzo del texto de donde se ha tomado el título 
650 1 0 |a Derecho civil 
949 |a 2503-C 
942 |c ORIZABA 
943 |g Fondo Bibliográfico Antiguo del Archivo Municipal de Orizaba 
999 |c 1103664  |d 1103664